The memoirs of Marshal Zhukov (Record no. 551956)

000 -LEADER
fixed length control field 00586cam a2200157 4500
020 ## - INTERNATIONAL STANDARD BOOK NUMBER
International Standard Book Number 0224619241
082 00 - DEWEY DECIMAL CLASSIFICATION NUMBER
Classification number 923.547
Author Mark MEM
-- L-30-II, P-152
100 1# - MAIN ENTRY--PERSONAL NAME
Personal name Zhukov, Georgiĭ Konstantinovich,
9 (RLIN) 49128
245 14 - TITLE STATEMENT
Title The memoirs of Marshal Zhukov
Statement of responsibility, etc. [translated from the Russian].
260 ## - PUBLICATION, DISTRIBUTION, ETC.
Place of publication, distribution, etc. London,
Name of publisher, distributor, etc. Cape,
Date of publication, distribution, etc. 1971.
300 ## - PHYSICAL DESCRIPTION
Extent 3-703 p., 105 plates;
Other physical details illus., maps (some col.), ports.
Dimensions 23 cm.
500 ## - GENERAL NOTE
General note Translation of Vospominanii͡a︡ i razmyshlenii͡a︡.
526 ## - STUDY PROGRAM INFORMATION NOTE
Program name 0
Interest level 0
Reading level 0
Title point value 923_547000000000000_MEM
650 #0 - SUBJECT ADDED ENTRY--TOPICAL TERM
Topical term or geographic name entry element World War, 1939-1945
Geographic subdivision Soviet Union.
9 (RLIN) 49129
942 ## - ADDED ENTRY ELEMENTS (KOHA)
Source of classification or shelving scheme
Koha item type Book
Holdings
Withdrawn status Lost status Source of classification or shelving scheme Damaged status Not for loan Permanent Location Current Location Date acquired Total Checkouts Full call number Barcode Date last seen Price effective from Koha item type
          Military College of Engineering (MCE) Military College of Engineering (MCE) 01/01/2015   923.547 MEM MCE-22218 01/01/2015 01/01/2015 Book
© 2023 Central Library, National University of Sciences and Technology. All Rights Reserved.